| 000 | 00601nam a2200181 a 4500 | ||
|---|---|---|---|
| 005 | 20210219160338.0 | ||
| 008 | 081013s2000 mx r 000 0 spa d | ||
| 035 | _aUPN01000163469 | ||
| 049 | _aUNE | ||
| 080 | _a341.16: 001:061. 1:008 (7/8) AUN. | ||
| 245 | 0 | 0 |
_aAunar fuerzas en pro de la democracia, el desarrollo y la diversidad cultural : _bAmérica Latina y el Caribe. |
| 260 |
_aParis : _bUNESCO, _c[S.A.]. |
||
| 300 |
_a64 p. : _bil., map. |
||
| 690 | _aPluralismo cultural - Democracia - UNESCO | ||
| 690 | _aAmérica Latina - Pluralismo cultural | ||
| 710 | 2 | _aUNESCO | |
| 905 | _aUNESCO | ||
| 999 |
_c135582 _d135582 |
||